000 00672nab a2200193 4500
001 244442
003 OSt
005 20240618105108.0
007 tu
008 200917s2020|||||||
040 _aDE-2950
_cDE-2950
245 0 0 _aFrankfurt hat sein wichtigstes Gebäude zurück
_bSanierung. Im Rathaus wurde am Mittwoch Neueröffnung gefeiert. Wie Ministerpräsident Dietmar Woidke das Haus gefällt und welche Highlights es zu bieten hat/
_cThomas Gutke
264 _c2024
653 _aFrankfurt (Oder)
653 _aRathaus
653 _aNeueröffnung
773 0 _g35. Jahrgang (2024) Nr. 118 vom 23.05.2024, S. 13 mit Foto
_tMärkische Oderzeitung
942 _2z
_cA
999 _c373179
_d373179